| 000 | 00387nam a22001337a 4500 | ||
|---|---|---|---|
| 999 |
_c130553 _d130553 |
||
| 008 | 201028b ||||| |||| 00| 0 eng d | ||
| 020 | _a9780091877354 | ||
| 050 | _aP24.9869 C45 | ||
| 100 |
_aGrisham, John _950017 |
||
| 245 |
_aThe chamber: _bthe rainmaker _c/ by John Grisham |
||
| 260 |
_aLondon: _bCresset Editions, _c1998. |
||
| 300 |
_avi, 434p. ; _c18cm. |
||
| 942 |
_2lcc _cMONOGRAPH |
||